|
|
|
|
| LEADER |
00000nam0a2200000 4500 |
| 001 |
134282 |
| 005 |
20231101220500.0 |
| 035 |
|
|
|a (RuTPU)RU\TPU\book\145546
|
| 090 |
|
|
|a 134282
|
| 100 |
|
|
|a 20080327d1980 km y0rusy50 ca
|
| 101 |
0 |
|
|a rus
|
| 102 |
|
|
|a RU
|
| 105 |
|
|
|a a z 001zy
|
| 200 |
1 |
|
|a Теория телетрафика и сети с управляемыми элементами
|f Академия наук СССР, Институт проблем передачи информации ; под ред. А. Д. Харкевича
|
| 210 |
|
|
|a Москва
|c Наука
|d 1980
|
| 215 |
|
|
|a 216 с.
|c ил.
|
| 320 |
|
|
|9 572
|a Библиогр. в конце ст.
|
| 606 |
1 |
|
|a Телетрафик
|2 stltpush
|3 (RuTPU)RU\TPU\subj\65844
|9 82196
|
| 610 |
1 |
|
|a управляемые элементы
|
| 610 |
1 |
|
|a сложные системы
|
| 610 |
1 |
|
|a транзитные соединения
|
| 610 |
1 |
|
|a эффективность
|
| 610 |
1 |
|
|a сети связи
|
| 610 |
1 |
|
|a системы массового обслуживания
|
| 610 |
1 |
|
|a коммуникационные связи
|
| 675 |
|
|
|a 621.324.06
|v 3
|
| 702 |
|
1 |
|a Харкевич
|b А. Д.
|4 340
|
| 712 |
0 |
2 |
|a Академия наук СССР
|b Институт проблем передачи информации
|c (Москва)
|2 stltpush
|3 (RuTPU)RU\TPU\col\12444
|9 25402
|
| 801 |
|
1 |
|a RU
|b 63413507
|c 20080228
|g PSBO
|
| 801 |
|
2 |
|a RU
|b 63413507
|c 20210419
|g PSBO
|
| 942 |
|
|
|c BK
|